Sports Quiz

Random Sports or Football Quiz

Topscorer per Year for Scotland Since WWII Quiz Stats

Quiz not verified by Sporcle

Challenge
Share
Tweet
Embed
Score 0/72 Timer 08:00
0 Plays Today
Year Player(s) % Correct
2009McFadden / S. Fletcher / McCormack / S. Brown
92.5%
2010K. Miller/Naismith/S. Brown/ Commons/Mackie/McManus/D. Wilson
91.5%
2003McFadden / K. Miller / N. McCann
90.7%
2005Kenny Miller
88.7%
2008K. Miller / Robson / Broadfoot / Clarkson
88.7%
2011Kenny Miller
88.7%
2015Steven Fletcher
88%
2007James McFadden / Kris Boyd
86.5%
2004James McFadden
82.7%
1974Kenny Dalglish / Joe Jordan
80.3%
1982Kenny Dalglish / John Wark
79.6%
1976Kenny Dalglish / Don Masson
79.5%
1977Kenny Dalglish
79.5%
2006Kris Boyd
77.5%
1992Ally McCoist / Gary McAllister
75.6%
1987Ally McCoist
75%
1990Ally McCoist
75%
1995Ally McCoist / Scott Booth
75%
1996Ally McCoist
75%
1966Denis Law / Jimmy Johnstone
72%
1962Denis Law
69.6%
1963Denis Law
69.6%
1961Ian St. John / Ralph Brand
68.5%
1984Mo Johnston
62.6%
1988Mo Johnston
62.6%
1989Mo Johnston
62.6%
1951Reilly / B. Johnstone / G. Hamilton
57.5%
1954Bobby Johnstone
54.5%
2017Leigh Griffiths
52.5%
1986Gordon Strachan / Davie Cooper
48.3%
1956Reilly / Mudie / Leggat / Fernie / Conn Sr. / S. Baird / A. Scott
46.6%
1952Lawrie Reilly
44.2%
1953Lawrie Reilly
44.2%
1955Lawrie Reilly
44.2%
1985Davie Cooper
42.4%
1994John Collins
37.8%
Year Player(s) % Correct
1958Bobby Collins
37.7%
1991Gordon Durie
37.4%
1983Andy Gray / Charlie Nicholas
35.7%
1997Kevin Gallacher
35.7%
1998Billy Dodds / Craig Burley
35.6%
1979John Robertson / Arthur Graham
33.7%
1978Archie Gemmill
33.4%
2001Billy Dodds
33.4%
1981John Robertson
32.8%
2016Robert Snodgrass
32.8%
2014Shaun Maloney
32.3%
1957Jackie Mudie
30.4%
2013Robert Snodgrass
30.1%
1959Graham Leggat
28.1%
1972Lou Macari / Peter Lorimer
23.4%
1973George Graham / Jim Holton
23.1%
1999Don Hutchison
22.8%
2000Don Hutchison
22.8%
1980Steve Archibald
19.7%
1969Colin Stein
19.5%
2012Jordan Rhodes
17.2%
1968Alan Gilzean / Bobby Murdoch
15.2%
1964Alan Gilzean
13.5%
1967Alan Gilzean
13.5%
1960Alex Young
11.1%
1993Pat Nevin
10.5%
2002Christian Dailly
10%
1965John Greig
8.6%
1975Bruce Rioch
8.3%
1946Willie Waddell
3.2%
1948Willie Waddell / Billy Houliston
3.2%
1970John O'Hare
3.1%
1971John O'Hare
3.1%
1949Billy Steel
2.7%
1950Billy Steel
2.7%
1947Andy McLaren
1%

You're not logged in!

Compare scores with friends on all Sporcle quizzes.
Sign Up with Email
OR
Log In

You Might Also Like...

Show Comments

Extras

Top Quizzes Today


Score Distribution

Your Account Isn't Verified!

In order to create a playlist on Sporcle, you need to verify the email address you used during registration. Go to your Sporcle Settings to finish the process.